[Event "Turkey Cup 2019"]
[Site "Belek"]
[Date "2019.01.28"]
[Round "3.44"]
[White "Hatipli, Mehmet"]
[Black "Hatipoglu, Metin"]
[Result "1/2-1/2"]
[WhiteElo "1888"]
[BlackElo "1680"]
[Annotator "NA RC"]
[PlyCount "32"]
[EventDate "2019.01.27"]
[EventType "swiss"]
[EventCountry "TUR"]
[SourceTitle "playchess.com"]
[Source "ChessBase"]
[SourceQuality "1"]

1. Nf3 Nf6 2. g3 d5 3. Bg2 c6 4. d4 Bg4 5. O-O Nbd7 6. Nbd2 e6 7. c4 Be7 8. Re1 O-O 9. cxd5 exd5 10. Nb3 Re8 11. Bg5 h6 12. Bxf6 Bxf6 13. Rc1 Rc8 14. h3 Bh5 15. a4 b6 16. Qd2 c5 1/2-1/2

[Event "Turkey Cup 2019"]
[Site "Belek"]
[Date "2019.01.28"]
[Round "3.45"]
[White "Canbulan, Arda"]
[Black "Kiray, Tuncer Efe"]
[Result "1-0"]
[WhiteElo "1884"]
[BlackElo "1556"]
[Annotator "NA RC"]
[PlyCount "53"]
[EventDate "2019.01.27"]
[EventType "swiss"]
[EventCountry "TUR"]
[SourceTitle "playchess.com"]
[Source "ChessBase"]
[SourceQuality "1"]

1. e4 c5 2. Nf3 d6 3. d4 cxd4 4. Nxd4 Nf6 5. Nc3 a6 6. Bg5 e6 7. f4 Be7 8. Qf3 Qc7 9. O-O-O Nbd7 10. g4 b5 11. Bxf6 Nxf6 12. g5 Nd7 13. f5 Bxg5+ 14. Kb1 Ne5 15. Qh5 Bf6 16. fxe6 O-O 17. Nd5 Qd8 18. Bh3 Ra7 19. Rhf1 Ng6 20. Nc6 Qe8 21. Nxf6+ gxf6 22. Nxa7 Bxe6 23. Bxe6 Qxe6 24. Qd5 Qd7 25. Nc6 Rc8 26. Nd4 Rc5 27. Qa8+ 1-0

[Event "Turkey Cup 2019"]
[Site "Belek"]
[Date "2019.01.28"]
[Round "3.48"]
[White "Iyiol, Mehmet"]
[Black "Sahin, Fehim"]
[Result "1-0"]
[WhiteElo "1892"]
[BlackElo "1555"]
[Annotator "NA RC"]
[PlyCount "85"]
[EventDate "2019.01.27"]
[EventType "swiss"]
[EventCountry "TUR"]
[SourceTitle "playchess.com"]
[Source "ChessBase"]
[SourceQuality "1"]

1. e4 c6 2. d4 d5 3. e5 e6 4. Nf3 c5 5. c3 Nc6 6. Bd3 h6 7. O-O Qb6 8. a3 a5 9. Qe2 a4 10. Kh1 Bd7 11. Nbd2 c4 12. Bc2 Na5 13. Ng1 Nb3 14. Nxb3 axb3 15. Bd1 Ne7 16. f4 g6 17. Nf3 Nf5 18. g4 Ng7 19. Kg2 Be7 20. Be3 O-O-O 21. Qd2 Rdg8 22. Be2 Qd8 23. Rae1 b5 24. Qc1 Ne8 25. h3 f5 26. exf6 Nxf6 27. Ne5 Rh7 28. Bf3 Rhg7 29. Bf2 Nh7 30. Qe3 Nf8 31. Bg3 Bh4 32. Re2 Bxg3 33. Kxg3 Qf6 34. g5 Qe7 35. gxh6 Rh7 36. Ng4 Kd8 37. Qe5 g5 38. f5 Kc8 39. Bxd5 Qd8 40. fxe6 Ng6 41. exd7+ Rxd7 42. Qe6 Qc7+ 43. Ne5 1-0

[Event "Turkey Cup 2019"]
[Site "Belek"]
[Date "2019.01.28"]
[Round "3.49"]
[White "Ulupinar, Furkan"]
[Black "Karadeniz, Ali Emre"]
[Result "0-1"]
[WhiteElo "1578"]
[BlackElo "2257"]
[Annotator "TA"]
[PlyCount "83"]
[EventDate "2019.01.27"]
[EventType "swiss"]
[EventCountry "TUR"]
[SourceTitle "playchess.com"]
[Source "ChessBase"]
[SourceQuality "1"]

1. e4 e6 2. d4 d5 3. Nd2 c5 4. exd5 exd5 5. Ngf3 Nc6 6. Be2 cxd4 7. Nb3 Nf6 8. Nbxd4 Be7 9. O-O O-O 10. h3 Re8 11. c3 Bd7 12. Bf4 Rc8 13. Re1 Bc5 14. Nb3 Bb6 15. Nfd4 Ne4 16. Bf3 Qf6 17. Bxe4 dxe4 18. Qd2 Qg6 19. Kh2 Ne5 20. Re3 Nc4 21. Qe2 Nxe3 22. Qxe3 h6 23. Rd1 Ba4 24. Qe2 a6 25. g4 Bxb3 26. axb3 Bxd4 27. cxd4 Rcd8 28. d5 Qb6 29. d6 Qxb3 30. g5 hxg5 31. Bxg5 Rd7 32. Qg4 Qe6 33. Be7 Rdxe7 34. dxe7 Qxe7 35. Rd7 Qe5+ 36. Qg3 Qxb2 37. Qf4 Qa2 38. Kg3 Qb3+ 39. Kg2 a5 40. Rd4 Qe6 41. Qc7 e3 42. Rd3 0-1

[Event "Turkey Cup 2019"]
[Site "Belek"]
[Date "2019.01.28"]
[Round "3.50"]
[White "Tolon, Adman Devran"]
[Black "Okus, Melih"]
[Result "1-0"]
[WhiteElo "1761"]
[BlackElo "2073"]
[Annotator "NA RC"]
[PlyCount "71"]
[EventDate "2019.01.27"]
[EventType "swiss"]
[EventCountry "TUR"]
[SourceTitle "playchess.com"]
[Source "ChessBase"]
[SourceQuality "1"]

1. d4 d6 2. Nf3 Nd7 3. c4 e5 4. Nc3 c6 5. e4 Ngf6 6. g3 Be7 7. Bg2 O-O 8. O-O Qc7 9. h3 Re8 10. Be3 Nf8 11. Rc1 Qa5 12. Nd2 a6 13. Nb3 Qd8 14. f4 b5 15. c5 exf4 16. gxf4 dxc5 17. dxc5 Be6 18. Qxd8 Raxd8 19. Na5 Rd3 20. Kf2 N6d7 21. b4 Nb8 22. Ke2 Red8 23. Nd5 cxd5 24. Kxd3 dxe4+ 25. Ke2 f5 26. Rfd1 Bxa2 27. c6 Ne6 28. c7 Nxc7 29. Rxc7 Re8 30. Bc5 Bh4 31. Rb7 Bf7 32. Ke3 Bh5 33. Rd5 g5 34. Bd6 Bf2+ 35. Kxf2 e3+ 36. Ke1 1-0

[Event "Turkey Cup 2019"]
[Site "Belek"]
[Date "2019.01.28"]
[Round "3.51"]
[White "Tahaoglu, Erkin"]
[Black "Yelligedik, Murat"]
[Result "0-1"]
[WhiteElo "1714"]
[BlackElo "2055"]
[Annotator "NA RC"]
[PlyCount "64"]
[EventDate "2019.01.27"]
[EventType "swiss"]
[EventCountry "TUR"]
[SourceTitle "playchess.com"]
[Source "ChessBase"]
[SourceQuality "1"]

1. d4 f5 2. Nc3 Nf6 3. Bg5 d5 4. e3 e6 5. Nf3 Nbd7 6. Bd3 Be7 7. O-O O-O 8. Ne2 Qe8 9. h3 Kh8 10. Bf4 c6 11. Ne5 Rg8 12. Nxd7 Nxd7 13. c4 Qf7 14. f3 dxc4 15. Bxc4 Nb6 16. Bb3 Nd5 17. Bxd5 exd5 18. Be5 h6 19. a3 Kh7 20. b4 Bd7 21. Qd3 Rae8 22. f4 a6 23. Qc2 Bd8 24. Nc1 g5 25. Nd3 g4 26. Kh2 Qh5 27. Rh1 gxh3 28. gxh3 Bh4 29. Rhg1 Qf3 30. Rg2 Rg3 31. Ne1 Rxh3+ 32. Kg1 Qxe3+ 0-1

[Event "Turkey Cup 2019"]
[Site "Belek"]
[Date "2019.01.28"]
[Round "3.52"]
[White "Baylav, Can"]
[Black "Esti, Kubra Selenay"]
[Result "1-0"]
[WhiteElo "2108"]
[BlackElo "1662"]
[Annotator "TA"]
[PlyCount "73"]
[EventDate "2019.01.27"]
[EventType "swiss"]
[EventCountry "TUR"]
[SourceTitle "playchess.com"]
[Source "ChessBase"]
[SourceQuality "1"]

1. e4 g6 2. d4 Bg7 3. Nc3 c6 4. f4 d5 5. e5 Nh6 6. Nf3 O-O 7. Bd3 f6 8. O-O Nf7 9. exf6 exf6 10. f5 g5 11. Ne2 Nd6 12. Ng3 Nd7 13. h4 h6 14. Nh2 Qe8 15. b3 b6 16. c4 Rf7 17. cxd5 cxd5 18. hxg5 hxg5 19. Qf3 Bb7 20. Ba3 Bf8 21. Ng4 Ne4 22. Bxf8 Qxf8 23. Nxe4 dxe4 24. Bxe4 Bxe4 25. Qxe4 Rh7 26. Qd5+ Kh8 27. Kf2 Rd8 28. Qf3 Qd6 29. Rad1 Nf8 30. Rfe1 Kg8 31. Rd2 Rh4 32. g3 Rh7 33. Rc1 Nd7 34. Rc6 Qb4 35. Qd5+ Kh8 36. Re2 Qf8 37. Rd6 1-0

[Event "Turkey Cup 2019"]
[Site "Belek"]
[Date "2019.01.28"]
[Round "3.53"]
[White "Yilmaz, Cumhur"]
[Black "Demir, Bilal"]
[Result "1/2-1/2"]
[WhiteElo "1676"]
[BlackElo "2094"]
[Annotator "NA RC"]
[PlyCount "123"]
[EventDate "2019.01.27"]
[EventType "swiss"]
[EventCountry "TUR"]
[SourceTitle "playchess.com"]
[Source "ChessBase"]
[SourceQuality "1"]

1. Nf3 d6 2. d4 g6 3. c3 Bg7 4. Qb3 Nf6 5. Bg5 c6 6. Nbd2 Qc7 7. e4 e5 8. Bd3 O-O 9. O-O Be6 10. Qc2 Nbd7 11. dxe5 dxe5 12. Bc4 Bxc4 13. Nxc4 b5 14. Ncd2 Nc5 15. Be3 Ne6 16. a4 Ng4 17. Rfe1 Nxe3 18. Rxe3 Rfd8 19. axb5 cxb5 20. Rd3 Nc5 21. Rxd8+ Rxd8 22. Nf1 Rd7 23. Ne3 Qc6 24. Nd2 Bh6 25. Nef1 Kg7 26. Nf3 f6 27. Ng3 Qd6 28. Ne1 a6 29. Kf1 Qd2 30. f3 Qxc2 31. Nxc2 Rd2 32. Nb4 Rxb2 33. Nxa6 Nxa6 34. Rxa6 Be3 35. Ra5 h5 36. h4 Bf2 37. Ne2 Bxh4 38. g3 Bg5 39. Ra7+ Kh6 40. f4 exf4 41. gxf4 Bh4 42. e5 fxe5 43. fxe5 b4 44. e6 bxc3 45. Nxc3 Rf2+ 46. Kg1 Rc2 47. Rc7 Bf6 48. Nd5 Rxc7 49. Nxc7 Be7 50. Nd5 Bc5+ 51. Kg2 Kg7 52. e7 Kf7 53. Kf3 Bxe7 54. Nf4 g5 55. Nxh5 Bd6 56. Kg4 Kg6 57. Ng3 Bxg3 58. Kxg3 Kf5 59. Kf3 g4+ 60. Kg3 Kg5 61. Kg2 Kf4 62. Kf2 1/2-1/2

[Event "Turkey Cup 2019"]
[Site "Belek"]
[Date "2019.01.28"]
[Round "3.54"]
[White "Gungor, Cihan Akif"]
[Black "Percin, Onder"]
[Result "1-0"]
[WhiteElo "1588"]
[BlackElo "2084"]
[Annotator "NA RC"]
[PlyCount "137"]
[EventDate "2019.01.27"]
[EventType "swiss"]
[EventCountry "TUR"]
[SourceTitle "playchess.com"]
[Source "ChessBase"]
[SourceQuality "1"]

1. e4 e5 2. d4 exd4 3. Nf3 Nc6 4. Bc4 Be7 5. c3 d6 6. cxd4 Nf6 7. Nc3 Bg4 8. Be3 O-O 9. O-O Qd7 10. h3 Bh5 11. Qe2 Nxe4 12. Nxe4 d5 13. Bd3 dxe4 14. Bxe4 f5 15. Qc4+ Bf7 16. Bxc6 bxc6 17. Qc2 Bd5 18. Ne5 Qe6 19. Bf4 g5 20. Bh2 Rfd8 21. Rac1 Be4 22. Qc3 c5 23. dxc5 Bf6 24. f4 Rd5 25. Qg3 Kh8 26. Nf3 gxf4 27. Qxf4 c6 28. b4 Rg8 29. Kh1 Bb2 30. Rcd1 Qg6 31. Rd2 Bc3 32. Rdf2 Qg7 33. a3 a5 34. bxa5 Bxa5 35. Qe3 Bc3 36. Ng5 Bd4 37. Qxe4 Qxg5 38. Qxd4+ Rxd4 39. Be5+ Rg7 40. Bxd4 Kg8 41. Bxg7 Kxg7 42. Rxf5 Qe3 43. R1f3 Qd4 44. Kh2 Qb2 45. R5f4 h6 46. Rg3+ Kh7 47. Rf7+ Kh8 48. Rfg7 h5 49. R7g5 Qe2 50. Rf3 h4 51. Rf4 Qe1 52. Rh5+ Kg7 53. Rhxh4 Qe5 54. Rhg4+ Kh7 55. h4 Qxc5 56. Rf3 Qe5+ 57. Kh3 Qe1 58. Rgf4 Qh1+ 59. Kg3 Qe1+ 60. Kg4 Qe6+ 61. Rf5 Qg6+ 62. Kh3 Qe6 63. g4 Qe1 64. Rf7+ Kg8 65. Rf8+ Kg7 66. R3f7+ Kh6 67. Rf1 Qe3+ 68. R8f3 Qe4 69. Rf7 1-0

[Event "Turkey Cup 2019"]
[Site "Belek"]
[Date "2019.01.28"]
[Round "3.55"]
[White "Ozsakallioglu, Okan"]
[Black "Araboga, Nizamettin"]
[Result "1-0"]
[WhiteElo "2051"]
[BlackElo "1670"]
[Annotator "NA RC"]
[PlyCount "59"]
[EventDate "2019.01.27"]
[EventType "swiss"]
[EventCountry "TUR"]
[SourceTitle "playchess.com"]
[Source "ChessBase"]
[SourceQuality "1"]

1. e4 d5 2. exd5 e6 3. dxe6 Bxe6 4. d4 Nf6 5. Nf3 Be7 6. Be2 O-O 7. O-O h6 8. c4 c6 9. Nc3 Na6 10. a3 Nc7 11. Bf4 Bd6 12. Ne5 Re8 13. Re1 Rc8 14. Qb3 Rb8 15. Rad1 Bf8 16. Qc2 Qc8 17. Bf3 Rd8 18. b4 a6 19. Qb3 Ra8 20. Na4 Qb8 21. Nb6 Ra7 22. d5 cxd5 23. cxd5 Bf5 24. Nxf7 Kxf7 25. Bxc7 Bd6 26. Bxb8 Rxb8 27. Nc4 Rd8 28. Nxd6+ Rxd6 29. Qe3 b6 30. Qf4 1-0

[Event "Turkey Cup 2019"]
[Site "Belek"]
[Date "2019.01.28"]
[Round "3.56"]
[White "Mermer, Yunus"]
[Black "Dogdu, Mehmet"]
[Result "0-1"]
[WhiteElo "1585"]
[BlackElo "1940"]
[Annotator "NA RC"]
[PlyCount "188"]
[EventDate "2019.01.27"]
[EventType "swiss"]
[EventCountry "TUR"]
[SourceTitle "playchess.com"]
[Source "ChessBase"]
[SourceQuality "1"]

1. d4 Nf6 2. c4 g6 3. Nc3 Bg7 4. e4 d6 5. f4 O-O 6. Nf3 Bg4 7. Be2 Nfd7 8. O-O Bxf3 9. Bxf3 e5 10. fxe5 dxe5 11. d5 a5 12. Be3 Na6 13. Kh1 Nac5 14. Na4 Qe7 15. Nxc5 Nxc5 16. Bxc5 Qxc5 17. Rc1 Bh6 18. Rc2 Be3 19. Bg4 Kg7 20. Qf3 Ra6 21. Bh3 Bd4 22. b3 Qe7 23. g3 a4 24. Rd2 axb3 25. axb3 Rfa8 26. Qe2 Rf6 27. Rxf6 Qxf6 28. Rd1 Ra3 29. Rf1 Qe7 30. Qf3 Ra2 31. Bc8 b6 32. Bb7 Rc2 33. Bc6 Rc3 34. Qd1 Qa3 35. Ba4 Qb2 36. Qb1 Qxb1 37. Rxb1 f5 38. Re1 Kf6 39. Rf1 Kg5 40. exf5 gxf5 41. Bd7 f4 42. h4+ Kh5 43. gxf4 Kxh4 44. fxe5 Kg3 45. Bf5 Rxb3 46. Rd1 Be3 47. Re1 Bc5 48. Rd1 Kf4 49. Bd3 Kxe5 50. Kg2 h5 51. Bf1 Kf4 52. Rd3 Rb2+ 53. Kh3 Ke4 54. Rd1 Bd6 55. Bg2+ Ke3 56. Re1+ Kd3 57. Rc1 Kd4 58. Rf1 Kxc4 59. Rc1+ Kb4 60. Rf1 b5 61. Rf5 Ka3 62. Rxh5 b4 63. Rh8 b3 64. Ra8+ Kb4 65. Rb8+ Kc3 66. Be4 Re2 67. Bb1 Re5 68. Rb5 Kc4 69. Ra5 Rxd5 70. Rxd5 Kxd5 71. Kg2 Kd4 72. Kf3 Kc3 73. Ke2 Kb2 74. Be4 Kc1 75. Kd3 b2 76. Kc3 b1=Q 77. Bxb1 Kxb1 78. Kb3 Be5 79. Kc4 Kc2 80. Kd5 Bg3 81. Kc6 Kc3 82. Kc5 Bh2 83. Kc6 Kc4 84. Kd7 c5 85. Kc6 Kd4 86. Kb5 c4 87. Kb4 Kd3 88. Ka3 c3 89. Ka2 Kd2 90. Kb3 c2 91. Ka3 c1=Q+ 92. Ka2 Qc4+ 93. Ka1 Be5+ 94. Kb1 Qb3# 0-1

[Event "Turkey Cup 2019"]
[Site "Belek"]
[Date "2019.01.28"]
[Round "3.57"]
[White "Cilek, Bora"]
[Black "Demirel, Yusuf Ziya"]
[Result "1-0"]
[WhiteElo "1907"]
[BlackElo "1711"]
[Annotator "NA RC"]
[PlyCount "93"]
[EventDate "2019.01.27"]
[EventType "swiss"]
[EventCountry "TUR"]
[SourceTitle "playchess.com"]
[Source "ChessBase"]
[SourceQuality "1"]

1. d4 Nf6 2. Bf4 g6 3. Nc3 Bg7 4. e4 d6 5. Qd2 O-O 6. O-O-O Nc6 7. Nf3 Re8 8. h3 Nd7 9. Bg5 Nb6 10. Bh6 Bh8 11. d5 Ne5 12. Nxe5 dxe5 13. Be2 e6 14. Bb5 Re7 15. d6 cxd6 16. Qxd6 Qxd6 17. Rxd6 Bd7 18. Rhd1 Bxb5 19. Nxb5 Bg7 20. Be3 Nc4 21. Rd8+ Re8 22. Rxe8+ Rxe8 23. Nd6 Nxe3 24. Nxe8 Nxd1 25. Kxd1 Bf8 26. Ke2 f5 27. Kd3 Kf7 28. Nc7 a6 29. c3 Bc5 30. f3 Ke7 31. a4 Bb6 32. Na8 Bd8 33. b4 a5 34. Kc4 Kd7 35. Kb5 axb4 36. cxb4 h5 37. Nb6+ Kc7 38. Nc4 Bf6 39. a5 g5 40. Ne3 f4 41. Nc4 h4 42. a6 bxa6+ 43. Kxa6 Be7 44. b5 Bc5 45. b6+ Kb8 46. Nxe5 Bd4 47. Nc6+ 1-0

[Event "Turkey Cup 2019"]
[Site "Belek"]
[Date "2019.01.28"]
[Round "3.58"]
[White "Aydin, Ismail"]
[Black "Fazla, Onder Zafer"]
[Result "1-0"]
[WhiteElo "1950"]
[BlackElo "1649"]
[Annotator "NA RC"]
[PlyCount "67"]
[EventDate "2019.01.27"]
[EventType "swiss"]
[EventCountry "TUR"]
[SourceTitle "playchess.com"]
[Source "ChessBase"]
[SourceQuality "1"]

1. e4 d5 2. exd5 Qxd5 3. Qf3 Nf6 4. Nc3 Qe5+ 5. Be2 c6 6. Nh3 Bg4 7. Qg3 Nbd7 8. Qxe5 Nxe5 9. d4 Ng6 10. Ng5 Bf5 11. h4 e6 12. f3 h5 13. Nce4 Be7 14. c3 Nxe4 15. fxe4 Bxg5 16. hxg5 Bxe4 17. O-O Bf5 18. a4 Ke7 19. b3 Kd7 20. a5 a6 21. c4 Ne7 22. Ba3 g6 23. Bf3 Rh7 24. Rad1 Bc2 25. Rd2 Bf5 26. Re1 Re8 27. d5 cxd5 28. cxd5 exd5 29. Bxd5 Nxd5 30. Rxd5+ Kc6 31. Rd6+ Kc7 32. Rxe8 Be6 33. Re7+ Kc8 34. Rdxe6 1-0

[Event "Turkey Cup 2019"]
[Site "Belek"]
[Date "2019.01.28"]
[Round "3.59"]
[White "Dogan, Ugur"]
[Black "Oztekin, Kerem Can"]
[Result "0-1"]
[WhiteElo "1670"]
[BlackElo "1940"]
[Annotator "NA RC"]
[PlyCount "162"]
[EventDate "2019.01.27"]
[EventType "swiss"]
[EventCountry "TUR"]
[SourceTitle "playchess.com"]
[Source "ChessBase"]
[SourceQuality "1"]

1. e4 c5 2. Nf3 g6 3. d4 cxd4 4. Nxd4 Bg7 5. Nc3 Nc6 6. Be3 Nf6 7. f3 O-O 8. Qd2 d5 9. Nxc6 bxc6 10. O-O-O Qa5 11. exd5 cxd5 12. Nxd5 Qxa2 13. Nxe7+ Kh8 14. Qb4 Be6 15. Qa3 Qxa3 16. bxa3 Rfe8 17. Nc6 Bd7 18. Rxd7 Nxd7 19. Bd2 Nb6 20. Nb4 a5 21. Nc6 Na4 22. Nxa5 Bb2+ 23. Kb1 Reb8 24. Nb3 Bxa3 25. Bc4 Ra7 26. Re1 Bb2 27. Bf4 Rb4 28. Bh6 Rb8 29. Bf4 Rb4 30. Bh6 Ra8 31. Bxf7 Bc3 32. Re8+ Rxe8 33. Bxe8 Nb6 34. Be3 Nc4 35. Bc5 Rb8 36. Bf7 Nd2+ 37. Kc1 Kg7 38. Nxd2 Kxf7 39. Ne4 Be5 40. g3 Ke6 41. Be3 Kd5 42. Nd2 Ra8 43. c4+ Kc6 44. Kc2 Ra3 45. Bf2 Ra1 46. f4 Bg7 47. Kd3 Ra3+ 48. Ke2 Bc3 49. Nb1 Ra2+ 50. Kf3 Bb4 51. Bd4 Rc2 52. Ke3 Rxc4 53. Kd3 Rc1 54. Nc3 Bxc3 55. Bxc3 Rh1 56. h4 Rg1 57. Ke4 Rxg3 58. Bf6 Kd7 59. Ke5 Re3+ 60. Kd5 Ra3 61. Ke4 Ke6 62. Bg5 Ra4+ 63. Kf3 Kf5 64. Kg3 Ra3+ 65. Kg2 Kg4 66. Kf2 Rb3 67. Ke2 Rf3 68. Ke1 Rxf4 69. Bxf4 Kxf4 70. h5 g5 71. Kf2 Kg4 72. h6 Kh5 73. Kg3 Kxh6 74. Kg4 Kg6 75. Kg3 Kf5 76. Kh3 Kf4 77. Kh2 Kf3 78. Kh3 g4+ 79. Kh2 g3+ 80. Kh1 g2+ 81. Kg1 h6 0-1

[Event "Turkey Cup 2019"]
[Site "Belek"]
[Date "2019.01.28"]
[Round "3.60"]
[White "Sayin, Atakan"]
[Black "Erdal, Emre"]
[Result "0-1"]
[WhiteElo "1921"]
[BlackElo "1615"]
[Annotator "NA RC"]
[PlyCount "96"]
[EventDate "2019.01.27"]
[EventType "swiss"]
[EventCountry "TUR"]
[SourceTitle "playchess.com"]
[Source "ChessBase"]
[SourceQuality "1"]

1. e4 c6 2. d4 d5 3. Nc3 dxe4 4. Nxe4 Bf5 5. Ng3 Bg6 6. h4 h6 7. Nf3 Nd7 8. h5 Bh7 9. Bd3 Bxd3 10. Qxd3 e6 11. Bd2 Ngf6 12. O-O-O Qc7 13. Kb1 O-O-O 14. Ne4 Nxe4 15. Qxe4 Nf6 16. Qe2 Bd6 17. c4 Rhe8 18. Bc3 Qe7 19. Ne5 c5 20. dxc5 Bxc5 21. Ba5 Rxd1+ 22. Rxd1 Bb6 23. Bc3 Rd8 24. Rxd8+ Bxd8 25. a3 Bc7 26. Bb4 Qe8 27. Qe3 Bxe5 28. Qxe5 Qc6 29. Qd4 Qe4+ 30. Qxe4 Nxe4 31. f3 Ng3 32. Bf8 Nxh5 33. g4 Ng3 34. Bxg7 h5 35. Be5 h4 36. Kc2 f6 37. Bd6 b6 38. Bf4 e5 39. Be3 Ne2 40. Kd3 h3 41. Kxe2 h2 42. c5 h1=Q 43. cxb6 Qg2+ 44. Bf2 axb6 45. a4 e4 46. fxe4 Qxe4+ 47. Kf1 Qxa4 48. Bxb6 Qb5+ 0-1

[Event "Turkey Cup 2019"]
[Site "Belek"]
[Date "2019.01.28"]
[Round "3.61"]
[White "Avan, Olcay"]
[Black "Caner, Resul"]
[Result "0-1"]
[WhiteElo "1617"]
[BlackElo "1884"]
[Annotator "NA RC"]
[PlyCount "130"]
[EventDate "2019.01.27"]
[EventType "swiss"]
[EventCountry "TUR"]
[SourceTitle "playchess.com"]
[Source "ChessBase"]
[SourceQuality "1"]

1. d4 d5 2. Nf3 c6 3. Bf4 Qb6 4. Qc1 Bf5 5. Nbd2 Nf6 6. e3 Na6 7. a3 Nh5 8. Bg3 Nxg3 9. hxg3 c5 10. Be2 Rc8 11. Nh4 Bd7 12. c3 g6 13. Qb1 cxd4 14. exd4 Bg7 15. O-O e5 16. dxe5 Bxe5 17. Kh2 O-O 18. Bd3 Nc5 19. Bc2 Na4 20. Bxa4 Bxa4 21. f4 Bg7 22. Qa2 Rfe8 23. Rfe1 d4 24. cxd4 Bxd4 25. Nc4 Qc5 26. Ne5 Bxe5 27. fxe5 Rxe5 28. Rf1 Qc4 29. Qb1 Qc2 30. Qc1 Qxc1 31. Raxc1 Rxc1 32. Rxc1 Re2 33. Rc8+ Kg7 34. b4 Bc6 35. Rc7 Rb2 36. Re7 Rb3 37. b5 Rxb5 38. Re3 a5 39. Nf3 Rb2 40. Nd4 Bxg2 41. Kg1 Bc6 42. Rc3 Rb1+ 43. Kf2 Rb2+ 44. Ke3 h5 45. Kf4 Bg2 46. Rc7 Rb6 47. Rc5 Rd6 48. Ke5 Ra6 49. Kf4 a4 50. Nc2 Rf6+ 51. Ke3 Rf3+ 52. Ke2 Rxg3 53. Kf2 Rg4 54. Ne3 Bc6 55. Nxg4 hxg4 56. Kg3 f5 57. Kf4 Kf6 58. Kg3 g5 59. Kf2 f4 60. Kg1 Kg6 61. Re5 Kh5 62. Kf2 Kh4 63. Kg1 g3 64. Kf1 f3 65. Re3 Bb5+ 0-1

[Event "Turkey Cup 2019"]
[Site "Belek"]
[Date "2019.01.28"]
[Round "3.62"]
[White "Gok, Muhsin"]
[Black "Bek, Emir"]
[Result "1-0"]
[WhiteElo "1730"]
[BlackElo "1844"]
[Annotator "NA RC"]
[PlyCount "109"]
[EventDate "2019.01.27"]
[EventType "swiss"]
[EventCountry "TUR"]
[SourceTitle "playchess.com"]
[Source "ChessBase"]
[SourceQuality "1"]

1. Nf3 g6 2. g3 Bg7 3. Bg2 e5 4. d3 f5 5. e4 d6 6. Nc3 c6 7. b3 Ne7 8. Bg5 h6 9. Bd2 O-O 10. h4 fxe4 11. dxe4 Bg4 12. Qe2 d5 13. Qd3 Na6 14. Na4 b5 15. Nh2 Bc8 16. Nb2 Nc5 17. Qe2 Ne6 18. c3 Bb7 19. O-O d4 20. Rfd1 Qb6 21. Nd3 c5 22. c4 bxc4 23. bxc4 Qd6 24. Rdc1 Kh7 25. Rab1 Ba6 26. f4 Rab8 27. fxe5 Bxe5 28. Nxe5 Qxe5 29. Bxh6 Qxg3 30. Bxf8 Rxf8 31. Rb3 Nf4 32. Qg4 Qxg4 33. Nxg4 Ne2+ 34. Kh2 Nxc1 35. Ra3 Bxc4 36. Rxa7 Rf7 37. Ne5 Nc6 38. Rxf7+ Bxf7 39. Nxc6 Bxa2 40. Bf3 Kg7 41. Kg3 Kf6 42. e5+ Ke6 43. Bg4+ Kd5 44. Bf3+ Ke6 45. Bg4+ Kf7 46. e6+ Ke8 47. Ne5 Bb1 48. Nd7 c4 49. Nf6+ Ke7 50. Nd5+ Kf8 51. e7+ Ke8 52. h5 Be4 53. h6 Bxd5 54. h7 Kxe7 55. h8=Q 1-0

[Event "Turkey Cup 2019"]
[Site "Belek"]
[Date "2019.01.28"]
[Round "3.63"]
[White "Kilic, Cihan"]
[Black "Ozkurt, Kutay"]
[Result "1-0"]
[WhiteElo "1886"]
[BlackElo "1586"]
[Annotator "NA RC"]
[PlyCount "69"]
[EventDate "2019.01.27"]
[EventType "swiss"]
[EventCountry "TUR"]
[SourceTitle "playchess.com"]
[Source "ChessBase"]
[SourceQuality "1"]

1. d4 d5 2. Nf3 Nf6 3. Bf4 e6 4. e3 Bd6 5. Ne5 Nbd7 6. Nd2 Qe7 7. Bd3 c5 8. c3 O-O 9. Qf3 Nb6 10. g4 Bxe5 11. dxe5 Nfd7 12. Qh3 g6 13. Nf3 f6 14. Qg3 Qf7 15. Bh6 Re8 16. h4 Nxe5 17. Nxe5 fxe5 18. Qxe5 Nd7 19. Qg5 Qf6 20. h5 Qxg5 21. Bxg5 Ne5 22. Be2 Nf7 23. Bb5 Nxg5 24. Bxe8 e5 25. hxg6 hxg6 26. Bxg6 Bxg4 27. Bh5 Nf3+ 28. Ke2 Bxh5 29. Rxh5 Rf8 30. Rah1 Rf6 31. Rh8+ Kf7 32. R1h7+ Ke6 33. Rh6 Ng5 34. Rxf6+ Kxf6 35. Rb8 1-0

[Event "Turkey Cup 2019"]
[Site "Belek"]
[Date "2019.01.28"]
[Round "3.65"]
[White "Demirbas, Emre"]
[Black "Yalcindag, Hakan"]
[Result "1-0"]
[WhiteElo "1823"]
[BlackElo "1417"]
[Annotator "NA RC"]
[PlyCount "65"]
[EventDate "2019.01.27"]
[EventType "swiss"]
[EventCountry "TUR"]
[SourceTitle "playchess.com"]
[Source "ChessBase"]
[SourceQuality "1"]

1. Nf3 Nf6 2. c4 e6 3. b3 d5 4. Bb2 Be7 5. g3 c5 6. cxd5 exd5 7. d4 b6 8. Bg2 Bb7 9. O-O O-O 10. Nc3 Nc6 11. Rc1 cxd4 12. Nxd4 Nxd4 13. Qxd4 Bc5 14. Qh4 Ne4 15. Qg4 f5 16. Qh5 Qe8 17. Qh4 g5 18. Qh6 Rf6 19. Qh3 g4 20. Qh4 Rg6 21. Nxe4 fxe4 22. Qh5 Rd8 23. b4 Bxb4 24. Rc7 Rd7 25. Rxd7 Qxd7 26. Qe5 Kf7 27. Rd1 Bd6 28. Qh8 Ke6 29. h4 Qf7 30. e3 Rg8 31. Qd4 Qf5 32. Bxe4 Qe5 33. Bxh7 1-0

[Event "Turkey Cup 2019"]
[Site "Belek"]
[Date "2019.01.28"]
[Round "3.66"]
[White "Asikoglu, Engin Can"]
[Black "Uzuner, Tufan Can"]
[Result "1/2-1/2"]
[WhiteElo "1502"]
[BlackElo "1889"]
[Annotator "NA RC"]
[PlyCount "74"]
[EventDate "2019.01.27"]
[EventType "swiss"]
[EventCountry "TUR"]
[SourceTitle "playchess.com"]
[Source "ChessBase"]
[SourceQuality "1"]

1. d4 Nf6 2. Bf4 g6 3. e3 Bg7 4. Nf3 d6 5. h3 O-O 6. Be2 c5 7. c3 cxd4 8. exd4 Qb6 9. Qc2 Bf5 10. Qb3 Nc6 11. Nbd2 Be6 12. Bc4 Bxc4 13. Nxc4 Qa6 14. O-O Rac8 15. Rac1 d5 16. Nce5 e6 17. Bg5 Ne4 18. Rfe1 Nxg5 19. Nxg5 Nxe5 20. dxe5 Bh6 21. h4 Rc4 22. Rcd1 Rxh4 23. Nf3 Re4 24. Nd4 Rxe1+ 25. Rxe1 Rc8 26. Nb5 Bf8 27. Re3 Qb6 28. Nd4 Qxb3 29. Nxb3 h5 30. f4 Rc4 31. g3 a5 32. Nxa5 Ra4 33. Nxb7 Rxa2 34. b4 d4 35. cxd4 Bxb4 36. Rb3 Bd2 37. Nd6 g5 1/2-1/2

[Event "Turkey Cup 2019"]
[Site "Belek"]
[Date "2019.01.28"]
[Round "3.67"]
[White "Bayik, Hasan"]
[Black "Bogaakca, Mehmet"]
[Result "1-0"]
[WhiteElo "1825"]
[BlackElo "1671"]
[Annotator "NA RC"]
[PlyCount "81"]
[EventDate "2019.01.27"]
[EventType "swiss"]
[EventCountry "TUR"]
[SourceTitle "playchess.com"]
[Source "ChessBase"]
[SourceQuality "1"]

1. d4 g6 2. c4 Bg7 3. Nc3 d6 4. e4 e5 5. dxe5 Bxe5 6. f4 Bg7 7. Nf3 Ne7 8. Be2 b6 9. Be3 Bb7 10. Bd4 f6 11. O-O Nd7 12. Bd3 Nc5 13. Bc2 Qd7 14. Nd5 Nxd5 15. exd5 O-O-O 16. f5 g5 17. Nxg5 h6 18. Ne6 Nxe6 19. fxe6 Qe7 20. Qf3 Rdf8 21. Bf5 h5 22. b4 Ba6 23. Rfc1 Bh6 24. Rc2 Rfg8 25. c5 Kb8 26. a4 Rg5 27. a5 b5 28. h4 Rgg8 29. c6 Qg7 30. Qf2 Qg3 31. Qxg3 Rxg3 32. Bxf6 Bg7 33. Bxg7 Rxg7 34. Re2 Re8 35. Rf1 Ree7 36. Re3 Kc8 37. Rf4 Kd8 38. Bg6 Rg8 39. Bxh5 Reg7 40. g4 Ke7 41. Rf7+ 1-0

[Event "Turkey Cup 2019"]
[Site "Belek"]
[Date "2019.01.28"]
[Round "3.68"]
[White "Aydogdu, Selcan Ayberk"]
[Black "Caliskan, Seha"]
[Result "1/2-1/2"]
[WhiteElo "1631"]
[BlackElo "1917"]
[Annotator "NA RC"]
[PlyCount "53"]
[EventDate "2019.01.27"]
[EventType "swiss"]
[EventCountry "TUR"]
[SourceTitle "playchess.com"]
[Source "ChessBase"]
[SourceQuality "1"]

1. d4 e6 2. Bf4 Nf6 3. e3 d5 4. Nd2 Bd6 5. Bg3 O-O 6. Bd3 c5 7. c3 Qc7 8. Rc1 b6 9. f4 Bb7 10. Ngf3 Nc6 11. Bh4 Ng4 12. Bxh7+ Kxh7 13. Ng5+ Kh8 14. Qxg4 g6 15. Qh3 Kg7 16. Nh7 Be7 17. Nxf8 Rxf8 18. Bxe7 Nxe7 19. O-O Nf5 20. g4 Nd6 21. b3 c4 22. b4 Qd8 23. Qg3 Rh8 24. Rf3 Rh4 25. Qg2 Qh8 26. Rg3 f6 27. Rf1 1/2-1/2